Вольфганг Амадей Моцарт

Detalles Bibliográficos
Autor Principal: Кремнев Б. Г. Борис Григорьевич
Summary:Серия биографий основана в 1933 году М. Горьким
Idioma:ruso
Publicado: Москва, Молодая гвардия, 1958
Edición:2-е изд.
Series:Жизнь замечательных людей
Subjects:
Formato: MixedMaterials Libro
KOHA link:https://koha.lib.tpu.ru/cgi-bin/koha/opac-detail.pl?biblionumber=327226

MARC

LEADER 00000nam0a2200000 4500
001 327226
005 20231102003935.0
035 |a (RuTPU)RU\TPU\book\352886 
090 |a 327226 
100 |a 20170126d1958 m y0rusy50 ca 
101 0 |a rus 
102 |a RU 
105 |a a z 001zy 
200 1 |a Вольфганг Амадей Моцарт  |f Б. Г. Кремнев 
205 |a 2-е изд. 
210 |a Москва  |c Молодая гвардия  |d 1958 
215 |a 288 с.  |c ил. 
225 1 |a Жизнь замечательных людей 
300 |a Серия биографий основана в 1933 году М. Горьким 
320 |a Библиогр.: с. 286-287 
600 1 |a Моцарт  |g Вольфганг Амадей  |f 1756-1791  |c австрийский композитор  |b В. А.  |2 stltpush  |3 (RuTPU)RU\TPU\pers\389 
606 |a Композиторы  |2 stltpush  |3 (RuTPU)RU\TPU\subj\15032  |9 41330 
610 1 |a биография 
610 1 |a австрийская музыка 
610 1 |a творчество 
610 1 |a классики 
675 |a 78.071.1  |v 4 
700 1 |a Кремнев  |b Б. Г.  |g Борис Григорьевич 
801 1 |a RU  |b 63413507  |c 20170126 
801 2 |a RU  |b 63413507  |c 20191111  |g RCR 
942 |c BK